[Event "Titled Tuesday intern op 29th Mar Early"]
[Site "Chess.com INT"]
[Date "2022.03.29"]
[Round "10"]
[White "Hebden, Mark"]
[Black "Coto Mederos, Michel"]
[Result "1-0"]
[WhiteElo "2451"]
[BlackElo "2348"]
[PlyCount "129"]
[EventDate "2022.03.29"]
[EventType "swiss (blitz)"]
[EventRounds "11"]
[EventCountry "USA"]
[SourceTitle "CBM 207 Extra"]
[Source "ChessBase"]
[SourceDate "2022.05.31"]
[SourceVersion "1"]
[SourceVersionDate "2022.05.31"]
[SourceQuality "1"]

1. d4 d5 2. Nf3 Nf6 3. c4 e6 4. Bg5 Be7 5. Nc3 h6 6. Bh4 b6 7. e3 Bb7 8. Rc1 0-0 9. cxd5 Nxd5 10. Nxd5 Bxd5 11. Bxe7 Qxe7 12. Bc4 Bb7 13. 0-0 Nd7 14. Bb5 Qd6 15. Bxd7 Qxd7 16. Ne5 Qd5 17. Qf3 Qxf3 18. gxf3 f6 19. Nc6 Rf7 20. Rc3 a5 21. Rfc1 Re8 22. f4 g5 23. fxg5 hxg5 24. b4 axb4 25. Nxb4 Ree7 26. Nc6 Rd7 27. a4 Rh7 28. a5 bxa5 29. Rb1 Bxc6 30. Rxc6 g4 31. Rxe6 Kf7 32. Rc6 Kg6 33. Rb5 Rh5 34. Rxh5 Kxh5 35. Rc5+ Kh4 36. Rxa5 Rd6 37. Kg2 Re6 38. Rf5 c6 39. Rf4 Kg5 40. Kg3 f5 41. h3 gxh3 42. Kxh3 Rd6 43. Kg3 Rd5 44. Rh4 c5 45. dxc5 Rxc5 46. Rh8 Ra5 47. Re8 Kf6 48. Rf8+ Kg5 49. Kf3 Ra4 50. Re8 Rb4 51. Re5 Kf6 52. Ra5 Rc4 53. Kg3 Rb4 54. Ra6+ Kf7 55. f3 Rc4 56. Rd6 Rb4 57. Rd4 Rb5 58. Kf4 Ke6 59. Rc4 Rb6 60. Kg5 Ra6 61. Rc5 Ra3 62. Rxf5 Rxe3 63. Rf8 Ke7 64. Rf4 Ra3 65. Kg6 1-0

[Event "Titled Tuesday intern op 22 Mar Early"]
[Site "Chess.com INT"]
[Date "2022.03.22"]
[Round "7"]
[White "Coto Mederos, Michel"]
[Black "Koridze, Lile"]
[Result "1-0"]
[WhiteElo "2348"]
[BlackElo "1979"]
[PlyCount "43"]
[EventDate "2022.03.22"]
[EventType "swiss (blitz)"]
[EventRounds "11"]
[EventCountry "USA"]
[SourceTitle "CBM 207 Extra"]
[Source "ChessBase"]
[SourceDate "2022.05.31"]
[SourceVersion "1"]
[SourceVersionDate "2022.05.31"]
[SourceQuality "1"]

1. c4 e5 2. Nc3 Nf6 3. Nf3 Nc6 4. e4 Bc5 5. Nxe5 Nxe5 6. d4 Bxd4 7. Qxd4 Nc6 8. Qd1 d6 9. Be2 0-0 10. 0-0 Re8 11. f3 h6 12. Be3 Be6 13. Qd2 Nd7 14. Nd5 Nde5 15. Rad1 Ng6 16. b3 f5 17. Bd3 fxe4 18. Bxe4 Bf7 19. Rfe1 Nge5 20. Bb1 Qd7 21. Bxh6 gxh6 22. Nf6+ 1-0